000
00329nam a22001337a 4500
008
171106b xxu||||| |||| 00| 0 eng d
020
_a
0815718039
041
_a
eng
080
_a
330.722.6
100
_a
61
101
_a
KON
245
_a
ACCOUNTING FOR UNITED STATES ECONOMIC GROWTH 1929-1969
_c
DENISON,E.F
942
_2
udc
_c
BK
999
_c
37833
_d
37833